| 000 | 00674nam a2200193 a 4500 | ||
|---|---|---|---|
| 001 | BRCA_1134 | ||
| 005 | 20190320203309.0 | ||
| 008 | 020212s2001 mx-a---##b---#000-0#spa-# | ||
| 020 | _a970185389X (INBA) | ||
| 040 |
_aDLC _cDLC _dDLC |
||
| 050 | 4 |
_aF1386.6 _b.A43 2001 |
|
| 245 | 1 | 0 |
_aAlameda _bvisión histórica y estética de la Alameda de la Ciudad de México. |
| 260 |
_aMéxico _bAmerico Arte Editores Landucci Editores _c2001 |
||
| 300 |
_a287 p. _bil. (algunas a color) _c34 cm. |
||
| 504 | _aIncluye referencias bibliograficas | ||
| 651 | 4 |
_aAlameda Central (Ciudad de México) _xHistoria _93736 |
|
| 651 | 4 |
_aAlameda (Ciudad de México) _vArte _93737 |
|
| 942 |
_2lcc _cB |
||
| 999 |
_c1012 _d1012 |
||